[Event "Jaen-ch"]
[Site "Jaen"]
[Date "2022.02.16"]
[Round "7"]
[White "Fernandez Checa, Manuel"]
[Black "Subirats Delhom, Juan"]
[Result "1-0"]
[WhiteElo "1757"]
[BlackElo "1796"]
[PlyCount "135"]
[EventDate "2022.02.04"]
[EventType "swiss"]
[EventRounds "7"]
[EventCountry "ESP"]
[SourceTitle "EXT 2023"]
[Source "ChessBase"]
[SourceDate "2022.10.05"]
[SourceVersion "1"]
[SourceVersionDate "2022.10.05"]
[SourceQuality "1"]

1. e4 d6 2. d4 Nf6 3. f3 Nbd7 4. Be3 e5 5. d5 Be7 6. Qd2 c6 7. c4 cxd5 8. cxd5 0-0 9. Na3 Nb6 10. Rc1 Bd7 11. Bb5 Rc8 12. Rxc8 Qxc8 13. b3 Qc7 14. Ne2 Rc8 15. Kf2 Qb8 16. Qb4 Bxb5 17. Nxb5 Nfd7 18. a4 Nc5 19. Rd1 Nbd7 20. Qa3 a6 21. Nbc3 Nf6 22. a5 Bd8 23. b4 Ncd7 24. Na4 Ne8 25. Qd3 b5 26. axb6 Nxb6 27. Qxa6 Nxa4 28. Qxa4 Bb6 29. Qa6 Bxe3+ 30. Kxe3 Rc7 31. Rb1 Ra7 32. Qc6 Rc7 33. Qa6 Ra7 34. Qc6 Rc7 35. Qa4 Ra7 36. Qc2 Qb6+ 37. Kd2 Rc7 38. Qa4 Qb8 39. b5 Ra7 40. Qc4 Rc7 41. Qd3 Qb6 42. Ra1 Rc5 43. Ra8 Kf8 44. Nc3 Rc7 45. Ra6 Qf2+ 46. Ne2 Qxg2 47. b6 Rb7 48. Qb5 Qg5+ 49. Ke1 Qh4+ 50. Kd2 Qg5+ 51. Kd3 f5 52. Ra8 fxe4+ 53. fxe4 Qe7 54. Ng3 g6 55. Qa6 Qf7 56. Rxe8+ Qxe8 57. Qxb7 Qb5+ 58. Ke3 Qb3+ 59. Kf2 Qc2+ 60. Kf3 Qd1+ 61. Ne2 Qf1+ 62. Ke3 Qh3+ 63. Kd2 Qa3 64. Qb8+ Kg7 65. Qc7+ Kh6 66. b7 Qb2+ 67. Kd1 Qb1+ 68. Qc1+ 1-0

[Event "Andalucia-ch U10"]
[Site "Huelva"]
[Date "2014.04.26"]
[Round "5.6"]
[White "Millan Ortiz, Francisco Pablo"]
[Black "Fernandez Checa, Manuel"]
[Result "0-1"]
[WhiteElo "1156"]
[BlackElo "1277"]
[PlyCount "50"]
[EventDate "2014.04.25"]
[EventType "swiss"]
[EventRounds "9"]
[EventCountry "ESP"]
[SourceTitle "EXT 2024"]
[Source "ChessBase"]
[SourceDate "2023.10.10"]
[SourceVersion "1"]
[SourceVersionDate "2023.10.10"]
[SourceQuality "1"]

1. d4 e6 2. Nf3 d5 3. e3 c5 4. Bb5+ Bd7 5. Bd3 Nf6 6. Nbd2 Bd6 7. 0-0 0-0 8. Nb3 c4 9. Nc5 Bxc5 10. dxc5 cxd3 11. Qxd3 a6 12. b3 Bb5 13. c4 dxc4 14. Qb1 cxb3 15. Re1 bxa2 16. Rxa2 Ne4 17. Qxe4 Qd7 18. Ng5 g6 19. Qh4 f6 20. Ne4 Qe7 21. Ba3 Bc6 22. Bb2 Bxe4 23. Qxe4 e5 24. Ba3 Nc6 25. Rb1 Rab8 0-1